000 00697nam a2200205Ii 4500
003 JO-AjNU
008 230605s9999||||xx |||||||||||||| ||und||
040 _aJO-AjNU
_bara
_erda
_cJO-AjNU
041 _aara
050 1 4 _aDS247.K87.R5294 1991
100 3 _aهلال، رضا,
_eauthor
_919991
245 0 0 _aالصراع على الكويت: مسألة الأمن والثورة
250 _aط1
264 3 1 _aبيروت: القاهرة: دار الجليل؛ دار سيناء، 1991
300 _a158ص
336 _atext
_btxt
_2rdacontent
337 _aunmediated
_bn
_2rdamedia
338 _avolume
_bnc
_2rdacarrier
650 4 _aالكويت-تاريخ -الامن والثورة
_919992
999 _aA6697
_c10265
_d10265